Cơ sở khoa học và thực tiễn của việc xây dựng pháp luật thương mại kinh tế ở nước ta /

Spremljeno u:
Bibliografski detalji
Glavni autor: Dương Đăng Huệ.
Format: Članak
Jezik:Vietnamese
Teme:
Oznake: Dodaj oznaku
Bez oznaka, Budi prvi tko označuje ovaj zapis!
Thư viện lưu trữ: Thư viện Trường Đại học Đà Lạt
LEADER 00841nam a2200265 4500
001 DLU090068313
005 ##20090427
040 # # |a DLU  |b vie 
041 # # |a vie 
044 # # |a vn 
100 # # |a Dương Đăng Huệ. 
245 # # |a Cơ sở khoa học và thực tiễn của việc xây dựng pháp luật thương mại kinh tế ở nước ta /  |c Dương Đăng Huệ. 
653 # # |a Hoạt động kinh doanh 
653 # # |a Luật thương mại 
653 # # |a Quan hệ kinh tế 
773 # # |t Nhà nước và pháp luật  |g Số 1(96), 1996, tr. 41-48 
920 # # |a Phòng Tạp chí -- Trung tâm Thông tin - Thư viện Trường Đại học Đà Lạt 
994 # # |a DLU 
900 # # |a True 
911 # # |a Trịnh Ngọc Pháp 
925 # # |a G 
926 # # |a A 
927 # # |a BB 
980 # # |a Thư viện Trường Đại học Đà Lạt